[Event "Donner Memorial"]
[Site "Amsterdam"]
[Date "1996.08.20"]
[Round "4"]
[White "Kamsky, Gata"]
[Black "Adianto, Utut"]
[Result "1-0"]
[WhiteElo "2745"]
[BlackElo "2605"]
[Annotator "Har Zvi,R"]
[PlyCount "57"]
[EventDate "1996.08.17"]
[EventType "tourn"]
[EventRounds "11"]
[EventCountry "NED"]
[EventCategory "16"]
[SourceTitle "CBM 055"]
[Source "ChessBase"]
[SourceDate "1996.12.01"]
[SourceVersion "1"]
[SourceVersionDate "1996.12.01"]
[SourceQuality "1"]

1. e4 {Finkel,A} c6 2. d4 d5 3. e5 Bf5 4. Nf3 e6 5. Be2 c5 6. Be3 {Kamsky
should be now a big expert in this line after his preperations for the match
with Karpov} Nd7 (6... Ne7 7. O-O Nd7 {transposes to 6...Nd7}) (6... Qb6 7. Nc3
Nc6 (7... c4) 8. O-O c4 9. b3 (9. Nh4 $5 Bg6 10. Rb1 Be7 11. Nxg6 hxg6 12. Qd2
Qa5 13. a3 a6 14. f4 b5 15. Bf3 Rd8 16. g4 $14 {Short,N-Burmakin,V Moscow 
(rapid) 65/(125) 1995}) (9. Rb1 $5) 9... Qa5 (9... cxb3 $2 10. axb3 Nge7 11.
Nb5 Ng6 12. c4 Be7 13. c5 $16 {/+- Iordachescu,V-Guliev,S Nikolaev (zt) 65/
(125) 1995}) 10. Bd2 Bb4 11. Qe1 b5 12. a3 $8 Bxc3 13. Bxc3 Qb6 $1 14. Qd2 Nge7
15. Rab1 $13 {Nijboer,F-Magem Badals,J Linares (zt) 65/125 [Magem Badals,J]} (
15. Rfb1 $13 {Granda Zuniga,J-Magem Badals,J Pamplona 65/(125) 1995})) 7. O-O (
7. Nbd2 $5 Ne7 8. dxc5 Nc6 9. Nb3 Bg4 $6 (9... Be4 10. Ng5 Bxg2 11. Rg1 Be4 $13
{Short}) 10. Nfd4 $1 Bxe2 11. Qxe2 Ndxe5 12. f4 Nc4 13. Nxc6 bxc6 14. Bd4 $14 {
Short,N-Adianto,U Jakarta (match) 1996}) 7... Ne7 8. c4 dxc4 9. Bxc4 (9. Na3
Nd5 10. Nxc4 h6 (10... Be7 11. Nd6+ Bxd6 12. exd6 O-O 13. dxc5 Nxe3 14. fxe3
Nxc5 15. Qd4 $1 $14 {Smirin,I-Vyzmanavin,A Novosibirsk 65/(123) 1995}) 11. a4 (
11. dxc5 $1 Nxc5 12. Nd4 {13.Nb5,13.Nxf5}) 11... a6 12. Rc1 Rc8 13. Qb3 cxd4 $8
14. Nxd4 Nc5 15. Qd1 Bh7 16. Bh5 $1 $14 {Ehlvest,J-Vyzmanavin,A Novosibirsk 65/
123 [Ehlvest,J] 1995}) 9... a6 (9... Bg4 $5) 10. Nc3 b5 {Kamsky had already
played this position as white against Karpov there he played 11.Bd3 and won in
a very nive style but for sure he had spent plenty of time on this position} (
10... Nc6 11. d5 Ncxe5 12. Nxe5 Nxe5 13. Qa4+ Nd7 (13... b5 14. Nxb5 axb5 15.
Bxb5+ Ke7 16. d6+ $1 $36) 14. dxe6 fxe6 15. Rad1 $44 {Bologan,V-Razuvaev,Y
Biel (open) 64/120 [Razuvaev,Y] 1995}) 11. Be2 {[11.Bd3 c4 12.Bc2 Rc8 13.Re1
b4 14.Ne4 with unclear position;Kamsky-Karpov,Dos -Hermanos,1995]} (11. Bd3 c4
12. Bc2 (12. Bxf5 Nxf5 13. d5 Bb4 14. d6 Nxe3 15. fxe3 Qb6 $15) 12... Rc8 (
12... b4 13. Ne4 Nd5 $13) 13. Re1 b4 (13... Bxc2 14. Qxc2 b4 15. Ne4 Nd5 $13)
14. Ne4 Nd5 15. Bg5 Qa5 16. Nh4 Bxe4 17. Bxe4 g6 $13 {Kamsky,G-Karpov,An Dos
Hermanas 1995 63/108 [Karpov,An]}) 11... b4 $6 (11... Nc6 $6 {Finkel,A} 12. d5
$1 Ncxe5 13. Nxe5 Nxe5 14. f4 $1 (14. g4 exd5 $1 $13) 14... Nc4 (14... Nd7 15.
g4 $1 exd5 $8 16. Qxd5 $1 Be6 17. Qg2 $1 $16) 15. Bxc4 bxc4 16. Qa4+ Qd7 17.
Qxc4 Be7 18. Bxc5 O-O 19. Bxe7 Qxe7 20. dxe6 Bxe6 21. Qe2 $16) (11... c4 {
Finkel,A} 12. d5 $1 exd5 (12... b4 13. dxe6 fxe6 14. Na4 Nd5 15. Bxc4 Nxe3 16.
fxe3 $16) 13. Nxd5 Nxd5 14. Qxd5 Be6 15. Qe4 Be7 16. Ng5 $1 $16) (11... cxd4 $6
{Finkel,A} 12. Nxd4 Nxe5 13. g4 $1 Bg6 14. f4 $18) (11... h6 $5 {Finkel,A}) 12.
Na4 Nd5 (12... cxd4 13. Nxd4 Nxe5 (13... Bg6) 14. Nb6 $1 Rb8 15. Qa4+ Nd7 16.
Nxd7 Qxd7 17. Qxa6 $18) 13. Bg5 Qb8 {[13...Qa5!? 14.Rc1 h6 15.Bd2?! Be7 16.b3
0-0 17.dc Nc5 brought to equality in Sculskis-Galkin,1995;but 15.Bh4! would
cause black serious troubles]} (13... Be7 {Finkel,A} 14. Bxe7 Qxe7 15. dxc5
Nxc5 16. Nd4 $1 $16) 14. Rc1 $1 h6 (14... cxd4 15. Nxd4 $1 (15. Qxd4) 15...
Qxe5 16. Bxa6 $1 Be4 (16... Bg6 17. Bb7) (16... Be7 17. Bxe7 Nxe7 18. Bb5 $16 {
/+-}) 17. f4 Qb8 (17... Qd6 18. Bb7 Rb8 19. Nb5 {checkmate to the queen in the
middle of the board!}) 18. Rc8+ Qxc8 19. Bxc8 Rxc8 20. Re1 $16) 15. Bh4 Qa7 (
15... cxd4 16. Nxd4 (16. Nxd4 {Finkel,A} Bg6 17. Bf3 $16)) 16. dxc5 Bxc5 $2 (
16... Nxc5 17. Nd4 $1 (17. Nd4 $1 {Finkel,A} Bg6 18. Nc6 Qc7 19. Nxc5 Qxc6 20.
Nxa6 $1 $18)) 17. Nxc5 Nxc5 18. Qd4 $18 {white had done nothing special in the
opening and at move 18 he is already completely winning!?} Rc8 (18... Nd7 {
Finkel,A} 19. Qxa7 Rxa7 20. Rc8#) 19. Rc4 g5 20. Bg3 O-O 21. Rfc1 b3 22. axb3
Nxb3 23. Qxa7 Nxc1 24. Bf1 Nd3 25. Bxd3 Bxd3 26. Rxc8 Rxc8 27. h3 Rc2 28. Qd4
Bb5 29. Kh2 1-0

[Event "FIDE-Wch k.o."]
[Site "Las Vegas"]
[Date "1999.08.03"]
[Round "2.1"]
[White "Kamsky, Gata"]
[Black "Khalifman, Alexander"]
[Result "1-0"]
[WhiteElo "2720"]
[BlackElo "2628"]
[Annotator "Ftacnik,L"]
[PlyCount "73"]
[EventDate "1999.07.31"]
[EventType "k.o."]
[EventRounds "7"]
[EventCountry "USA"]
[SourceTitle "CBM 072"]
[Source "ChessBase"]
[SourceDate "1999.10.01"]
[SourceVersion "1"]
[SourceVersionDate "1999.10.01"]
[SourceQuality "1"]

1. e4 c5 2. Nf3 d6 3. d4 cxd4 4. Nxd4 Nf6 5. Nc3 e6 6. Be2 Nc6 7. O-O Be7 8.
Be3 O-O 9. f4 e5 10. Nxc6 bxc6 11. Kh1 Be6 12. Bf3 Bc4 (12... exf4 13. Bxf4 Rb8
$13) 13. Re1 Nd7 (13... exf4 14. Bxf4 Ne8 $13) 14. b3 Ba6 (14... exf4 15. Bxf4
Bf6 16. Re3 Qa5 17. Qe1 Be6 18. Bxd6 $16) 15. f5 $1 {White would be happy to
open up the kingside, but he must carefully watch the potential of opening the
center.} Nf6 (15... Qc7 16. g4 $40) 16. g4 h6 (16... d5 17. exd5 Bb4 18. Bd2
cxd5 19. Rxe5 Qc7 20. Qe1 $16) 17. g5 (17. h4 $2 Ne8 $1) 17... hxg5 18. Bxg5
Nh7 (18... Ng4 19. Bxe7 Nf2+ 20. Kg2 Nxd1 21. Bxd8 Nxc3 22. Ba5 $1 (22. Be7
Rfe8 23. Bxd6 Rad8 24. Bb4 Rd2+ 25. Kg3 Rxc2 26. Bxc3 Rxc3 27. Rac1 Rxc1 28.
Rxc1 $14) 22... Nb5 23. Rad1 Nd4 24. Rd2 $16) (18... Nxe4 $5 19. Nxe4 Bxg5 20.
Nxg5 Qxg5 21. Qxd6 Qxf5 22. Bxc6 Rad8 23. Qxe5 Qxc2 24. Rac1 $14) 19. Be3 Bb7 (
19... Bg5 20. Qd2 (20. Bf2 Bh4 21. Bxh4 Qxh4 22. Qxd6 Qh3 23. Re3 Ng5 24. Qxe5
Nxf3 25. Qf4 Bf1 26. Qxf3 Bg2+ 27. Qxg2 Qxe3 28. f6 g6 29. Qg3 Qxg3 30. hxg3
Rad8 $15) 20... Qf6 21. Rad1 Rfd8 22. Rg1 Bxe3 23. Qxe3 $14) 20. Rg1 Bf6 (20...
Bg5 21. Qd2 $14) 21. Rg3 d5 $2 {The concept of counterplay in the center is
sound, but the tactics is failing Khalifman.} (21... Qe7 22. Qd2 $14) 22. exd5
cxd5 (22... e4 23. Nxe4 Bxa1 24. Qxa1 f6 25. Nc5 $18) 23. Nxd5 e4 (23... Bxd5
24. Bxd5 Rc8 25. c4 $18) 24. Nxf6+ Qxf6 (24... Nxf6 25. Be2 $18) 25. Be2 {
Kamsky was out of the chess scene for more nearly three years, so he doesn't
trust the spectacular lines with 25.Bd4!?.} (25. Bd4 $5 exf3 (25... Rad8 26.
Bxf6 Rxd1+ 27. Rxd1 Nxf6 28. Be2 $18) 26. Bxf6 f2+ 27. Rg2 Nxf6 (27... Rfe8 28.
Qd2 Nxf6 29. Qxf2) 28. Qd4 Rfe8 29. Qxf2 Ng4 30. Qg3 Re2 31. Qxg4 Rxg2 32. Qxg2
Bxg2+ 33. Kxg2 $18) 25... Qxf5 26. Qd4 {[%mdl 128] It is obvious, that all
white pieces are ready to cause problems to the black king.} g5 (26... f6 27.
Rf1 Qc8 28. Bh6 $18) 27. Rf1 Qg6 28. Bc4 Rac8 (28... Rae8 29. Qxa7 $18) (28...
a5 29. Qe5 Rae8 30. Qxa5 $18) 29. h4 $1 {Opens both kings, but the black one
is screened by all white pieces.} (29. Qxa7 Bc6 30. a4 $18) 29... Rxc4 30. bxc4
(30. Qxc4 $2 Ba6 31. Qc7 Bxf1 32. Bxg5 Be2 33. Be7 Bg4 $13) 30... g4 (30... f6
31. hxg5 Nxg5 32. Qd6 $18) 31. Rxg4 $1 Qxg4 32. Rg1 Qxg1+ 33. Kxg1 f6 (33... a6
34. Bh6 $18) 34. Qxa7 Rf7 35. Qb8+ Kg7 (35... Nf8 36. a4 $18) 36. Qg3+ Kh8 37.
Bh6 1-0

[Event "FIDE-Wch k.o."]
[Site "Las Vegas"]
[Date "1999.08.04"]
[Round "2.2"]
[White "Khalifman, Alexander"]
[Black "Kamsky, Gata"]
[Result "1-0"]
[WhiteElo "2628"]
[BlackElo "2720"]
[Annotator "Tyomkin,D"]
[PlyCount "133"]
[EventDate "1999.07.31"]
[EventType "k.o."]
[EventRounds "7"]
[EventCountry "USA"]
[SourceTitle "CBM 072"]
[Source "ChessBase"]
[SourceDate "1999.10.01"]
[SourceVersion "1"]
[SourceVersionDate "1999.10.01"]
[SourceQuality "1"]

{After loss in first game,Khalifman had to win this game in any case,to lead
the match to tie-breaks.Once,he did it already in this championship against
Barua in first round.} 1. Nf3 Nf6 2. c4 e6 3. d4 b6 4. g3 Ba6 5. b3 Bb4+ 6. Bd2
Be7 7. Bg2 c6 8. Bc3 d5 9. Nbd2 O-O 10. Qc2 Nbd7 11. e4 Rc8 12. O-O Nxe4 $146 (
12... c5 13. exd5 exd5 14. Rfe1 Re8 (14... dxc4 15. bxc4 cxd4 16. Nxd4 Bc5 17.
Qa4 Nb8 18. N4b3 Nfd7 19. Rad1 $14 {1/2-1/2 Shneider,A-Dzuban,O/Pavlodar KAZ
1982 (41)}) 15. Rad1 Qc7 16. Ba1 dxc4 17. Nxc4 Bb7 18. Nce5 cxd4 19. Qxc7 Rxc7
20. Nxd4 Nxe5 21. Nb5 Rc5 22. Rxe5 Bxg2 23. Kxg2 Rc2 $11 {Andrianov,N-Korolev,
A/corr. 1987}) (12... b5 13. e5 Ne8 14. c5 b4 $8 15. Bxb4 Bxf1 16. Bxf1 $44 a5
17. Bc3 Ra8 18. Bd3 g6 19. Re1 Ng7 20. a3 {[%cal Gb3b4]} Qc7 21. b4 axb4 22.
axb4 f6 23. exf6 Bxf6 (23... Rxf6 $1) 24. Nb3 Rfe8 {[%cal Gg7f5]} 25. Na5 {
[%csl Gc6] 1-0 Avrukh,B-Sakaev,K/Belgrade 1999/CBM 69/[Avrukh,B] (35) '+/-'
Dautov.}) 13. Nxe4 dxe4 14. Qxe4 b5 15. c5 {[%mdl 512] This is an exchange
sacrifice.It looks semilar to Avrukh's sacrifice(see 12...b5),doesn't it? In
other cases black gets convenient play:} (15. Nd2 $6 bxc4 16. bxc4 Nb6 {
[%csl Rc4]}) (15. Ne5 Nxe5 16. dxe5 bxc4 17. bxc4 Bc5) 15... b4 16. Bxb4 Nf6
17. Qe1 $5 {[%cal Gb4a5] An interesing and unusual idea:white intends Ba5 on
next move moving black queen on worse place.} Nd5 18. Ba5 Qe8 19. Qe4 Bxf1 20.
Bxf1 {Whay has white for sacrificed marerial? First,there is not a big loss of
material-just bishop and pawn for exchange.There are no open files on the
board for using blacks extra rook.In addition white has advantage in space and
attacking chances.} Bf6 21. h4 g6 22. h5 (22. Bd2 $5 Bg7) 22... Bd8 $1 {
[%cal Gd5f6]} 23. Bd2 $6 (23. Bxd8 $142 Qxd8 24. hxg6 hxg6 25. Ne5 $44 {
white still keeps a pressure,but position is equal about,but maybe playing
this best move,Khalifman was withdraw the Championship making a draw,which
looks most objective result after 23.Bxd8!}) 23... f5 $2 (23... Nf6 24. Qe2 (
24. Qe3 Nxh5 25. Qh6 Ng7 26. Bd3 f6 $17) 24... Nxh5 25. Bh6 (25. Ne5 Bf6 $17)
25... Ng7 26. Ne5 f6 27. Nc4 Bc7 $17 {and I don't see a way for white to
develope an initiative.}) 24. Qe2 {[%csl Re6]} gxh5 25. Re1 {Now white is
looking great.} Rf6 26. Bh3 {[%cal Rd2g5] threatening 27.Bg5 Rg6 28.Bxf5!} h6
27. Nh4 {[%cal Rh4f5]} Qf7 28. Bg2 {[%cal Gg2f3]} Bc7 29. Bf3 Qg7 30. Qa6 Qd7 {
missing a way to create a counterplay.} (30... Rd8 $5 31. Bxh5 (31. Qxc6 $140
Bxg3) 31... f4 32. g4 {[%cal Gh4f3]} f3 $132) 31. Bxh5 Bb8 32. Nf3 Kh7 33. Ne5
Bxe5 34. dxe5 Rff8 {Still black has the same material advantage,but his king
finds himself under an attack of white pieces during couple of moves.} 35. Qe2
{[%csl Rh6,Rh7][%cal Gg1g2,Ye1h1]} Rg8 36. Kg2 Qg7 37. Rh1 f4 (37... Qf8 38.
Qc4 $1 {[%cal Gc4h4]} Rc7 39. Qh4 Kh8 40. Bf7 $1 $18) 38. Bf3 (38. Qe4+ $5 Kh8
39. Bf7 Qxf7 (39... Rgf8 40. Bxe6 Rce8 41. Bxd5 cxd5 42. Qxd5 Rd8 43. Qc6 $18)
40. Rxh6+ Kg7 41. Rh7+ $18) 38... Rgf8 39. Be4+ Rf5 (39... Kg8 40. Rh4 {
[%cal Gh4g4]}) (39... Kh8 40. Qh5 {[%csl Re6,Rh6]}) 40. Bxf5+ exf5 41. Qh5 Qg6
42. Qxg6+ Kxg6 43. Kf3 {winning the second pawn.The ending is hopeless for
black.} Rd8 44. Bxf4 h5 (44... Nxf4 45. Kxf4 Rd4+ 46. Kf3 Rd5 (46... Re4 47.
Rd1 $18) 47. Re1 Kf7 48. Kf4 Ke6 49. Rh1 Rd4+ 50. Kf3 Kxe5 51. Rxh6 $18) 45.
Rd1 Kf7 46. Rh1 Kg6 47. Re1 {intending to advance passed pawn-d.} Nb4 48. Re2
Nd3 49. e6 Nxc5 50. e7 Re8 51. Rc2 Nd3 52. Rxc6+ Kf7 53. Bd6 {[%csl Rd3][%cal
Rf3e2] That is not blunder!The following transformation leads to easily
winning ending "B:N" for white.} Rxe7 54. Bxe7 Ne5+ 55. Kf4 Nxc6 56. Bc5 Ke6
57. b4 {[%csl Rh5][%cal Rb4b5,Yf4g5]} a6 58. Kg5 Ne5 59. Kxh5 Kd5 60. Kg5 Ke4
61. f4 Nd3 62. Be7 Nb2 63. a3 Nd1 64. a4 Nc3 {[%tqu "En","How did GM Khalifman
forced GM Kamsky to resign  in 3 moves?","","","b4b5","",5]} 65. b5 $1 {
The final break!} axb5 66. a5 Nd5 67. a6 (67. a6 Nc7 68. a7 Na8 (68... Ne6+ 69.
Kf6 Nc7 70. Bd8 Na8 71. Ba5 $22) 69. Bb4 Nc7 70. Ba5 Na8 71. Kf6 $22) 1-0

[Event "FIDE-Wch k.o. g/25+10"]
[Site "Las Vegas"]
[Date "1999.08.05"]
[Round "2.3"]
[White "Khalifman, Alexander"]
[Black "Kamsky, Gata"]
[Result "1-0"]
[WhiteElo "2628"]
[BlackElo "2720"]
[Annotator "Donev,I"]
[PlyCount "121"]
[EventDate "1999.07.31"]
[EventType "k.o. (rapid)"]
[EventRounds "6"]
[EventCountry "USA"]
[SourceTitle "CBM 072"]
[Source "ChessBase"]
[SourceDate "1999.10.01"]
[SourceVersion "1"]
[SourceVersionDate "1999.10.01"]
[SourceQuality "1"]

1. Nf3 d5 2. d4 Nf6 3. c4 e6 4. Nc3 Be7 5. Bf4 O-O 6. e3 Nbd7 7. Qc2 a6 8. cxd5
exd5 9. Bd3 c6 {[%mdl 16] Auf dem Brett entsteht die sogenannte Karlsbader
Bauernstruktur, wobei Schwarz schon ein Tempo a7-a6 verloren hat. Dieser Zug
könnte nützlich sein, falls der Anziehende kurz rouchiert und dann den
Minderheitsangriff (a2-a4, b2-b4-b5) als Plan benützt. Wie wir vom
Partieverlauf sehen werden, entscheidet sich der Anziehende zu einem
schärferen Plan - lange Rouchade, nebst Angriff gegen den schwarzen Monarchen.}
(9... c5 $142 $5 {Schwarz versucht aktiv im Zentrum zu spielen, die c - Linie
zu öffnen und die Lage der Dame (später mit Tc8) auszunützen.} 10. g4 c4 11.
Bf5 g6 12. Bxd7 Bxd7 13. Ne5 Nxg4 14. Nxd5 Bh4 15. O-O Be6 $6 {0-1 McCambridge,
V-Hort,V/Dortmund 1982/MCL (30)} ({Und jetzt könnte Schwarz mittels:} 15...
Nxe5 16. dxe5 Be6 $15 {Vorteil erreichen})) 10. h3 Re8 11. g4 Nf8 12. O-O-O Be6
13. Ng5 {[%cal Rd3h7,Rg5h7,Rc2e4] Alles auf h7!} Rc8 14. Nxe6 fxe6 15. g5 Nh5
16. Be5 {Der weiße Läufer besetzt das Schlüsselfeld e5.} Bxg5 17. f4 Bh6 18.
Rhg1 {[%csl Rg8][%cal Gg1g7,Gd3h7,Ge5g7][%mdl 128]} Kh8 {Die Lage des
schwarzen Königs ist kritisch geworden. Der Nachziehende hat keine Zeit um
Gegenspiel am Damenflügel zu erreichen, weil er mit der Verteidigung seines
Monarchen beschäftigt ist.} (18... c5 $2 19. Bxh7+ Nxh7 20. Qg6 N7f6 21. Qxh6
$18) 19. Rg4 Nf6 20. Rdg1 $1 {[%csl Rh6]} N8d7 (20... Nxg4 $6 21. hxg4 $16 {
Gegen die Drohung g5 nebst Läufergewinn ist kein Kraut gewachsen.}) 21. Rh4 Qe7
(21... c5 $142) 22. Kb1 c5 23. Qf2 Rf8 24. Qg3 cxd4 25. Bxd4 Rce8 26. Bc2 b5
27. a3 Rf7 28. e4 b4 29. e5 bxc3 $6 (29... Ne4 {ist vielleicht stärker.}) 30.
exf6 Nxf6 31. Bxc3 Rd8 32. Be5 $2 ({Wie könnte der Anziehende die Partie auf
taktische Weise für sich entscheiden?} 32. Bxh7 $1 Nxh7 33. Rxh6 d4 34. Bxd4 $1
$18 Rxd4 35. Qg6) 32... d4 $4 {Verliert sofort.} ({Besser ist:} 32... Qf8 $1
33. Qd3 Qc5 {[%cal Yc5g1]} 34. Qg3 (34. Rg2 Qc4 {Mit guten Chancen für Schwarz.
}) 34... Qf8 $11) 33. Qd3 $18 Rc8 34. Bxf6 gxf6 35. Rxh6 e5 36. fxe5 fxe5 37.
Qxa6 {Der Rest der Partie ist reine Technik.} Rb8 38. Qe6 (38. Bxh7 $1 Rxh7 39.
Rxh7+ Qxh7+ 40. Ka1 $18 {/\Qf6}) 38... Rd8 39. Qxe7 Rxe7 40. Be4 d3 41. Rc6 d2
42. Rd1 Rd4 43. Bf3 e4 44. Be2 e3 45. Rg1 Re8 46. Rc3 Rf4 47. Kc2 Rf2 48. Kd1
Rh2 49. b4 Rxh3 50. b5 Rh6 51. a4 Rh4 52. Rc4 Rxc4 53. Bxc4 Rc8 54. Rg4 ({
Sofort gewinnt auch:} 54. Rg8+ $1 Rxg8 55. Bxg8 Kxg8 56. b6 $18) 54... h5 55.
Re4 Kg7 56. b6 Rc6 57. a5 Rc5 58. b7 Rxa5 59. Rxe3 Ra1+ 60. Kxd2 Rb1 61. Rb3
1-0

[Event "New York Thursday Night 17th"]
[Site "New York"]
[Date "2004.06.24"]
[Round "4"]
[White "Kamsky, Gata"]
[Black "Golod, Vitali"]
[Result "1-0"]
[WhiteElo "2717"]
[BlackElo "2552"]
[Annotator "Golod,V"]
[PlyCount "91"]
[EventDate "2004.06.24"]
[EventType "swiss (rapid)"]
[EventRounds "4"]
[EventCountry "USA"]
[SourceTitle "CBM 102"]
[Source "ChessBase"]
[SourceDate "2004.09.23"]
[SourceVersion "1"]
[SourceVersionDate "2004.09.23"]
[SourceQuality "1"]

{Has Gata Kamsky returned to chess? It si already his 3rd tournament in rapid
chess for the last 10 days.} 1. d4 Nf6 2. Nf3 e6 3. Bg5 c5 4. e3 h6 5. Bh4 d5 {
Besides Black has three main alternatives:} (5... Be7 {You can see annotations
to game: Blees,A-Alterman,B/Tel Aviv,1999/CBM 71(0-1)(Alterman,B)(55)}) (5...
Qb6 $5 {You can see comments to game: Chatalbashev,B-Berkes,F/Plovdiv,2003/CBM
98(1/2-1/2)(Finkel,A)(60)}) ({and} 5... b6 $5 {See comments to game: Moiseenko,
A-Gershon,A/Kharkov,2002/CBM 89(1-0)(Tsesarsky,I)(31)}) 6. Nbd2 Nc6 7. c3 Be7
8. Bd3 b6 9. O-O Bb7 10. Ne5 $5 {/\f4 Typical idea in this position.} Nxe5 {
It's rather difficult to continue without this exchange.} 11. dxe5 Nd7 12. Bg3
$5 ({On:} 12. Bxe7 $5 Qxe7 13. f4 {you can find twelve games in Mega DataBase
2004.}) 12... Bh4 {I played rather slowly and already at this moment had spent
about 10 minutes.} ({Twice were checked up in previous games:} 12... Qc7 $5 {
and 12...c4. Also once were checked in the preceding game: 12...h5?!}) 13. f4
$146 {In my opinion, this continuation is worse than:} (13. Bxh4 $5 Qxh4 $140
14. f4 {+/=/=} (14. Bb5 $6 O-O-O (14... Rd8 $5 $11) 15. Nf3 Qh5 16. Qa4 $36 {
1/2-1/2 Wockenfuss,K-Mack,P/Germany,1988(16)})) 13... Bxg3 14. hxg3 Qe7 15. Qg4
h5 $1 {I am not in a hurry with castling. White reliably has protected of the
pawn "e5", therefore I should begin active actions on the king side.} 16. Qe2 (
{Leads to favourable complications for Black:} 16. Qxg7 $6 O-O-O {[%csl Rg7]
[%cal Gd8g8]} 17. Bh7 (17. Bg6 Rdf8 {/\Rhg8}) 17... Rde8 {/\f5 (ץh7)} (17...
h4 $5 $132)) 16... h4 {Now Black has, as a minimum, equal chances in the
subsequent tactical complications.} 17. Qg4 ({After:} 17. g4 $6 {very strongly:
} h3 18. g3 $140 c4 19. Bc2 h2+ (19... f6 $5 $36) 20. Kh1 d4+ 21. Be4 $13)
17... hxg3 18. Qxg3 O-O-O 19. Nf3 f5 $2 (19... f6 $1 {(Alexander Stripunsky)
with an excellent position for Black.}) 20. a4 a6 {A little bit passive
continuation. Too early I have begun to build a fortress. Maybe, it was
necessary to decide on a more active continuation:} (20... g5 $5 21. Qxg5 (21.
Nxg5 $2 Rdg8 {[%csl Yf4,Rg5][%cal Gd7e5,Yf4e5,Yf4g5]}) 21... Qh7 {/\Rdg8} 22.
Kf2 $13 {[%csl Rh7][%cal Gf1h1]}) 21. b4 c4 22. Be2 Rh6 23. a5 b5 24. Kf2 $14 {
Kamsky moves his K on a quieter place.} Rdh8 25. Ke1 Nb8 26. Kd2 Nc6 27. Rab1 {
This move is directed against "Nxb4".} Kc7 28. Rg1 Bc8 29. Qf2 Bd7 $6 (29...
Kb8 $142) 30. g4 {White did not use discrepancy of the contender:} (30. e4 $1
fxe4 $140 31. Qb6+ Kc8 32. Qxa6+ Kd8 33. Qb6+ Ke8 34. Ng5 {+/=/+/-}) 30... g6
31. Qg2 R6h7 32. Qf2 {[%csl Rc7][%cal Ge3e4]} Kc8 {Now I already warn "e4".}
33. Rg3 Rh3 34. Kc2 Be8 35. Qg2 Qh7 {<->h} 36. Rg1 Kd7 37. Kd2 Rxg3 38. Qxg3
Qh3 {Basically, the correct direction of actions - less pieces, less problems.}
39. Qxh3 Rxh3 40. gxf5 gxf5 41. Rg7+ Ne7 42. Ng5 Rh8 43. Rh7 (43. Nh7 $142 $14
{Kamsky,G}) 43... Rxh7 44. Nxh7 {+/=/=} Ng8 45. Ke1 Bg6 $4 $138 {A painful
blunder leading to an immediate loss.} (45... Ke7 46. Kf2 Bg6 47. Ng5 Nh6 48.
Kg3 Nf7 {and probably,Black hold this position.} 49. Kh4 $2 Nxg5 50. fxg5 ({
Leads to drawn BB endgame:} 50. Kxg5 Be8 51. Bh5 $140 Bd7 $11 {[%csl Ya8,Yb7,
Yc6,Yc8,Yd7]}) 50... Kf7 51. Kg3 Kg7 52. Kf4 Be8 $11) 46. Nf8+ {[%csl Rd7,Rg6]}
1-0

[Event "New York Masters 115th"]
[Site "New York"]
[Date "2004.08.31"]
[Round "1"]
[White "Bonin, Jay R"]
[Black "Kamsky, Gata"]
[Result "1/2-1/2"]
[WhiteElo "2342"]
[BlackElo "2717"]
[PlyCount "80"]
[EventDate "2004.08.31"]
[EventType "swiss (rapid)"]
[EventRounds "4"]
[EventCountry "USA"]
[SourceTitle "CBM 102 Extra"]
[Source "ChessBase"]
[SourceDate "2004.11.03"]
[SourceVersion "1"]
[SourceVersionDate "2004.11.03"]
[SourceQuality "1"]

1. d4 Nf6 2. Nf3 e6 3. c4 Bb4+ 4. Bd2 a5 5. g3 b6 6. Bg2 Bb7 7. O-O O-O 8. Bg5
Be7 9. Bxf6 Bxf6 10. Nc3 d6 11. e4 Nd7 12. Qc2 g6 13. Rad1 Bg7 14. Rfe1 Qe7 15.
e5 Rac8 16. exd6 cxd6 17. Qd3 Rfd8 18. b3 Bh6 19. h4 Ba6 20. a4 Qf8 21. Nb5 Nf6
22. Bh3 Bxb5 23. axb5 Rc7 24. Ng5 Re7 25. Qf3 Ne8 26. c5 Bxg5 27. hxg5 Nc7 28.
Qc6 Nd5 29. cxd6 Ree8 30. d7 Re7 31. Bg2 Rexd7 32. Bxd5 Rxd5 33. Qxb6 Qb4 34.
Rxe6 fxe6 35. Qxe6+ Kf8 36. Qf6+ Ke8 37. Qe6+ Kf8 38. Qf6+ Ke8 39. Qe6+ Kf8 40.
Qf6+ Ke8 1/2-1/2